| 000 | 00859nam a2200229 4500 | ||
|---|---|---|---|
| 001 | 174925 | ||
| 003 | ES-MaACL | ||
| 005 | 20230906215709.0 | ||
| 008 | 100713s1991 sp af |||| | spa d | ||
| 080 | _a73.036(460)(064.3) | ||
| 245 | 0 | 0 |
_aTerritorios de hierro para explorar la libertad _b: Taller de Arte Experimental del Centro Penitenciario de Segovia. |
| 246 | 3 | 0 | _aTaller de Arte Experimental del Centro Penitenciario de Segovia |
| 260 |
_aSegovia : _bTaller de Arte Experimental : _bCruz Roja Española, _c[1991] |
||
| 300 |
_a[32] p. : _bil. col. y n. ; _c26 cm. |
||
| 500 | _aÍndice. | ||
| 650 | 7 |
_aEscultura española- _yS.XX- _vExposiciones. _912438 |
|
| 655 | 7 |
_2tgfbne _9193628 _aCatálogos de exposiciones |
|
| 710 | 2 |
_aCruz Roja Española. _93322 |
|
| 852 | 4 |
_aES-MaACL _j2280-F-6 |
|
| 942 | _2udc | ||
| 999 |
_c174925 _d174925 |
||